01009nam a2200145 a 4500020002700000020003000027082001200057100002000069245001600089260004000105300001300145520062100158650001400779856007000793 a8175961570 (paperback) a9788175961579 (paperback) a540 HAR1 aHarwood,Richard10aChemistry / aNew DelhibFoundation Books,c2008. a432 p. ; aChemistry - New Edition matches the Cambridge International Examinations syllabuses for IGCSE and O Level Chemistry. It is also suitable for use with all UK GCSE Specifications. The text is clearly separated into core and extension material, with questions at the end of each section to test understanding. General material includes revision guidance, past examination questions with answers and a glossary of key terms. The accessible language and extensive use of high-quality colour illustrations ensure that the material is suitable for all students, including those for whom English is not their first language. achemistry40uhttp://www.amazon.com/exec/obidos/ASIN/8175961570/chopaconline-20